00366nam a2200121Ia 4500008004100000041000800041082001500049100001600064245006300080260004000143300001900183520004200202240719s9999 xx 000 0 und d aeng a813.52 BON aRuskin Bond aThe Golden Years: The Many Joys Of Living A Good Long Life aHaryanabHarper Collins Indiac2023 a153;. P. 22 Cm aFaculty Purchase By Dr. S. Maheswaran